Südtirol A-Z - Statistiken

Allgemein
  • Dieses Quiz wurde 218 mal gespielt
    85 seit der letzten Aktualisierung
  • Das Durchschnittsergebnis liegt bei 16 aus 26
Antwortstatistiken
# Hinweis Antwort % Korrekt
B Nenne den größten oder den fünftgrößten Ort Wo der Talferbach in die Eisack mündet (1) Wo die Ahr zur Rienz wird (5) Bozen | Bruneck
90%
I Amtssprache Italienische Sprache
90%
J Südtiroler und #O-er Deutsch für den Monat Januar Jänner
89%
O Nachbarland Österreich
88%
M Zweitgrößter Ort Am Zusammenfluss von Etsch und Passer Meran
85%
D Gebirgsgruppe zwischen der Eisack, dem Pustertal und der Piave in Venetien Dolomiten
81%
X Drittgrößter Ort Enthält ein X Brixen
78%
H Tiroler Freiheitskämpfer gegen die französisch-bayrische Besetzung Tirols † 1810 in Mantua Andreas Hofer
76%
T Benachbarte Provinz Trentino
76%
L Amtssprache Ladinische Sprache
75%
S Beliebte Sportart Skifahren | Snowboardfahren
74%
V Größte Partei Südtirols seit ihrer Gründung 1948 Südtiroler {Volkspartei}
72%
N Südtirol hat 8 Z.B. Puez-Geisler, Rieserferner-Ahrn, Drei Zinnen und Trudener Horn {Natur}park
69%
R Bergsteiger aus #X Bestieg den Mount Everest 1978 gemeinsam mit Peter Habeler erstmals ohne Flaschensauerstoff Grüner Europaabgeordneter 1999-2004 Reinhold Messner
68%
P Idyllischer See und beliebtes Ausflugsziel in den nördlichen Dolomiten Südlich des Sees liegt der Seekofel {Prags}er Wildsee
67%
G Benachbartes Kanton Graubünden
60%
A Italienischer Name Oberetsch Alto Adige
58%
K Landeshauptmann Arno Kompatscher
58%
C Italienischer Name der Drei Zinnen Tre {Cime}
54%
E Sechstgrößter Ort Nördlich von Kaltern Eppan
51%
U Hauptort des Grödnertals St. Ulrich in Gröden | Urtijëi
49%
Z Gebirgsgruppe östlich des Brennerpasses {Zillertal}er Alpen
46%
W Alter deutscher Name für #T Welschtirol
15%
F Ladinischer Heiliger aus dem Gadertal China-Missionar Shèng Fú Ruòsè - 聖福若瑟 Josef Freinademetz | Ujöp Freinadametz
13%
Q Stadtteil im Norden des größten Ortes Gries-{Quirein}
13%
Y Bedeutende Person des Südtiroler Widerstands gegen den Nationalsozialismus und katholischer Märtyrer, welcher 2017 seliggesprochen wurde Enthält ein Y Josef Mayr-Nusser
8%
Keine übereinstimmenden Quizze gefunden
Verteilung der Resultate
Anzahl Personen mit jedem Resultat
Perzentil nach korrekt beantworteten Fragen
Ihre Resultats-Entwicklung
Sie haben dieses Quiz seit der letzten Aktualisierung nicht gespielt